Groupes de Musique A à Z - Statistiques

Statistiques générales
  • Ce quiz a été pris 445 fois
  • Le résultat moyen est 13 sur 26
Statistiques - réponses
Réponse % Correct
Queen
94%
Nirvana
90%
(The) Police
83%
Imagine Dragons
79%
Boney M
76%
Village People
73%
Eurythmics
72%
Maroon 5
71%
Wham!
71%
Linkin Park
69%
Depeche Mode
66%
Rammstein
60%
ZZ Top
54%
Gipsy Kings
50%
(The) Offspring
38%
UB40
36%
Jamiroquai
32%
Ace of Base
27%
Frankie Goes to Hollywood
21%
Texas
20%
Hanson
18%
Kraftwerk
13%
Yazoo
13%
(The) Chemical Brothers
11%
X Ambassadors
11%
Simply Red
8%
Aucun quiz correspondant
Distribution des résultats
% des personnes avec chaque résultat
Percentile par nombre de réponses
Votre historique - résultats
Vous n’avez pas pris ce quiz